|
|
|
|
| LEADER |
00000nam0a2200000 4500 |
| 001 |
318089 |
| 005 |
20231102003036.0 |
| 010 |
|
|
|a 9785819906408
|
| 010 |
|
|
|a 978-5-16-011381-1
|
| 035 |
|
|
|a (RuTPU)RU\TPU\book\343570
|
| 090 |
|
|
|a 318089
|
| 100 |
|
|
|a 20160420d2016 m y0rusy50 ca
|
| 101 |
0 |
|
|a rus
|
| 102 |
|
|
|a RU
|
| 105 |
|
|
|a y j 001zy
|
| 200 |
1 |
|
|a Управленческая экономика
|e учебник
|f М. А. Сажина
|
| 210 |
|
|
|a Москва
|c Форум
|c Инфра-М
|d 2016
|
| 215 |
|
|
|a 208 с.
|
| 225 |
1 |
|
|a Высшее образование
|
| 320 |
|
|
|a Библиогр.: с. 205-206
|
| 330 |
|
|
|a В учебнике раскрывается механизм функционирования и развития смешанной рыночной экономики как сочетание согласованных стихийно-рыночных и сознательно регулируемых отношений, как взаимодействие и влияние друг на друга конкурентно-рыночных регуляторов и государственно-централизованного управления. Показано, что реализация механизма управления экономикой происходит через стихийный саморегулируемый процесс, через управление экономикой на микроуровне и управление на макроуровне. Особое внимание уделено возможности управления глобальной экономикой. Выявлены проблемы, которые сдерживают глобальное управление. Для студентов, обучающихся в магистратуре по экономическим и управленческим специальностям.
|
| 606 |
1 |
|
|a Менеджмент
|2 stltpush
|3 (RuTPU)RU\TPU\subj\42098
|9 61850
|
| 606 |
1 |
|
|a Базы данных АСУ
|2 stltpush
|3 (RuTPU)RU\TPU\subj\27975
|9 51603
|
| 610 |
1 |
|
|a рыночная экономика
|
| 610 |
1 |
|
|a управление
|
| 610 |
1 |
|
|a циклические кризисы
|
| 610 |
1 |
|
|a саморегуляция
|
| 610 |
1 |
|
|a фирмы
|
| 610 |
1 |
|
|a организационное управление
|
| 610 |
1 |
|
|a внутрифирменное планирование
|
| 610 |
1 |
|
|a маркетинг
|
| 610 |
1 |
|
|a макроуровень
|
| 610 |
1 |
|
|a государственное управление
|
| 610 |
1 |
|
|a государственное регулирование
|
| 610 |
1 |
|
|a долгосрочное управление
|
| 610 |
1 |
|
|a глобальная экономика
|
| 610 |
1 |
|
|a учебники
|
| 686 |
|
|
|a У9(2)212я73
|v LBC/SL-A
|2 rubbk
|
| 700 |
|
1 |
|a Сажина
|b М. А.
|g Муза Аркадьевна
|
| 801 |
|
1 |
|a RU
|b 63413507
|c 20160420
|
| 801 |
|
2 |
|a RU
|b 63413507
|c 20210816
|g RCR
|
| 900 |
|
|
|a Управленческая экономика
|
| 942 |
|
|
|c BK
|
| 959 |
|
|
|a 29/20160310
|d 1
|e 429,90
|f ЧЗГЛ:1
|